Biogénesis de Santiago de Guayaquil / (Record no. 144747)

MARC details
000 -LEADER
campo de control de longitud fija 00627nam a2200193 4500
001 - NÚMERO DE CONTROL
campo de control 144747
003 - IDENTIFICADOR DE NÚMERO DE CONTROL
campo de control ES-MaACL
005 - FECHA Y HORA DE LA ÚLTIMA TRANSACCIÓN
campo de control 20230906201105.0
007 - CAMPO FIJO DE DESCRIPCIÓN FÍSICA--INFORMACIÓN GENERAL
campo de control de longitud fija t|
008 - DATOS DE LONGITUD FIJA--INFORMACIÓN GENERAL
campo de control de longitud fija 070214s1947 ec r ||||1| spa d
100 1# - ENTRADA PRINCIPAL--NOMBRE DE PERSONA
Nombre de persona Silva, Rafael Euclides.
9 (RLIN) 106382
245 10 - MENCIÓN DEL TÍTULO
Título Biogénesis de Santiago de Guayaquil /
Mención de responsabilidad, etc. Rafael Euclides Silva.
260 ## - PUBLICACIÓN, DISTRIBUCIÓN, ETC.
Lugar de publicación, distribución, etc. Guayaquil (Ecuador) :
Nombre del editor, distribuidor, etc. [s.n.],
Fecha de publicación, distribución, etc. 1947 (
Fabricante Imp. de la Universidad)
300 ## - DESCRIPCIÓN FÍSICA
Extensión XXVII, 266 p. ;
Dimensiones 15 cm.
490 1# - MENCIÓN DE SERIE
Mención de serie Ciencias histórico-sociales ;
Designación de volumen o secuencia 4
830 0# - PUNTO DE ACCESO ADICIONAL DE SERIE-TÍTULO UNIFORME
Título uniforme Ciencias histórico-sociales ;
Designación de volumen o secuencia 4
9 (RLIN) 220704
852 ## - LOCALIZACIÓN
Ubicación ES-MaACL
Número de control de estantería C-4919
Sublocalización o colección R.25311
Holdings
Estatus retirado Estado de pérdida Estado de daño No para préstamo Biblioteca de origen Biblioteca actual Ubicación en estantería Fecha de adquisición Fuente de adquisición Total de préstamos Signatura topográfica completa Código de barras Visto por última vez Precio de reemplazo Tipo de ítem Koha
        Biblioteca del Ateneo de Madrid Biblioteca del Ateneo de Madrid Sala Palomar 17/01/2008     C-4919 1150942 23/02/2023 23/02/2023 Libro impreso